| 000 | 00542cam a2200169 4500 | ||
|---|---|---|---|
| 008 | 151005n 000 0 eng u | ||
| 020 | _a9781929610655 | ||
| 035 | _a(Sirsi) a192974 | ||
| 040 | _aCIP | ||
| 050 | _aLC 1099 WOL 2005 | ||
| 100 | _aWolpert, Ellen | ||
| 245 |
_aStart seeing diversity: _bthe basic guide to an anti-bias classroom/ _cEllen Wolpert |
||
| 260 |
_aSt. Paul, MN: _bRed Leaf Press, _c2005. |
||
| 300 | _axiii, 143p. | ||
| 504 | _aIncludes bibliographical references and index | ||
| 650 | _aMulticultural education | ||
| 999 |
_c123380 _d123380 |
||